000 01695nam a2200505 i 4500
001 30105
003 KOSZ 005
005 20201023143419.0
008 970510s1994 pl f |001 0 pol
015 _aPB 1994/469
020 _a8301112611
035 _a991000350799705066
035 _a(PL-WaBN)b10136848-48omnis_nlop
035 _ab10136848
035 _a(OCoLC)830052619
035 _a(PL)b0000001013684
035 _a(EXLNZ-48OMNIS_NETWORK)9910303751205606
040 _aWA N
_cWA N
_dKOSZ 005/HR
046 _k1994
080 _a304(4-15)
080 _a330.342.172(4-15)
100 1 _aGolinowska, Stanisława
_d(1947- )
_eAutor
245 1 0 _aPolityka społeczna państwa w gospodarce rynkowej :
_bstudium ekonomiczne /
_cStanisława Golinowska.
260 _aWarszawa :
_bWydaw. Naukowe PWN,
_ccop. 1994.
300 _a223, [4] s. ;
_c20 cm.
336 _2rdacontent
_aTekst
_btxt
337 _2rdamedia
_aBez urządzenia pośredniczącego
_bn
338 _2rdacarrier
_aWolumin
_bnc
380 _aKsiążki
380 _aPublikacje naukowe
388 _a1901-2000
388 _a1989-2000
490 1 _aEkonomia XX Wieku
500 _aNa s. red. błędny ISBN.
504 _aBibliogr. s. 212-217. - Indeks.
650 7 _aPolityka społeczna
_2DBN
651 _aEuropa Zachodnia
658 _aGospodarka, ekonomia, finanse
658 _aPolityka, politologia, administracja publiczna
710 2 _aWydawnictwo Naukowe PWN
_4pbl
830 0 _aEkonomia XX Wieku
856 _uhttp://koha.tu.koszalin.pl/cgi-bin/koha/opac-detail.pl?biblionumber=30105
_yKatalog online BPK
942 _2UKD
_cKS
999 _c30105
_d30105